[Event "36th Teams Ch-GR"]
[Site "Kallithea Halkidiki"]
[Date "2008.07.08"]
[Round "4.2"]
[White "Banikas, Hristos"]
[Black "Siebrecht, Sebastian"]
[Result "1/2-1/2"]
[WhiteElo "2572"]
[BlackElo "2453"]
[PlyCount "38"]
[EventDate "2008.07.06"]
[WhiteTeam "AO KYDON CHANION"]
[BlackTeam "SA THES/NIKIS O GALAXIAS"]

1. d4 d5 2. c4 c6 3. Nf3 Nf6 4. e3 Bg4 5. h3 Bxf3 6. Qxf3 e6 7. Bd3 Nbd7 8. O-O
Bd6 9. Nc3 O-O 10. Rd1 Qe7 11. g4 Rad8 12. g5 Ne8 13. Qg2 Bb4 14. cxd5 exd5 15.
e4 dxe4 16. Nxe4 f5 17. gxf6 Ndxf6 18. Bg5 Kh8 19. Bc2 h6 1/2-1/2

[Event "36th Teams Ch-GR"]
[Site "Kallithea Halkidiki"]
[Date "2008.07.08"]
[Round "4.2"]
[White "Souleidis, Georgios"]
[Black "Galopoulos, Nikolaos"]
[Result "1-0"]
[WhiteElo "2431"]
[BlackElo "2270"]
[PlyCount "93"]
[EventDate "2008.07.06"]
[WhiteTeam "AO KYDON CHANION"]
[BlackTeam "SA THES/NIKIS O GALAXIAS"]

1. e4 d5 2. exd5 Nf6 3. d4 Bg4 4. Nf3 Qxd5 5. Be2 Nc6 6. h3 Bxf3 7. Bxf3 Qd7 8.
c3 O-O-O 9. Qa4 Qe6+ 10. Kf1 Nd5 11. Na3 Qd7 12. Nc4 e6 13. Bd2 Kb8 14. b4 Ne5
15. Qxd7 Nxd7 16. g3 Be7 17. a4 Bf6 18. a5 a6 19. Kg2 c6 20. Rhe1 Kc7 21. h4
Rhe8 22. Re2 Be7 23. Nb2 Bf6 24. Nd3 Kc8 25. Rc1 Nc7 26. Bf4 Nd5 27. Bd2 Nc7
28. Rce1 Re7 29. Nf4 g6 30. Nh3 Rde8 31. Ng5 Bxg5 32. hxg5 Nb5 33. Bg4 Kd8 34.
f4 Nd6 35. Bc1 Kc7 36. Bf3 Rd8 37. Rc2 Nf8 38. g4 Red7 39. c4 Kb8 40. Bb2 Nc8
41. d5 cxd5 42. Be5+ Ka8 43. cxd5 exd5 44. Bf6 Ne6 45. Bxd8 Rxd8 46. f5 Nf4+
47. Kg3 1-0

[Event "36th Teams Ch-GR"]
[Site "Kallithea Halkidiki"]
[Date "2008.07.08"]
[Round "4.2"]
[White "Vragoteris, Antonios"]
[Black "Zahariev, Zahari"]
[Result "0-1"]
[WhiteElo "2290"]
[BlackElo "2401"]
[PlyCount "108"]
[EventDate "2008.07.06"]
[WhiteTeam "SA THES/NIKIS O GALAXIAS"]
[BlackTeam "AO KYDON CHANION"]

1. d4 Nf6 2. c4 d6 3. Nc3 Nbd7 4. Nf3 e5 5. Bg5 Be7 6. e3 c6 7. Qc2 Ng8 8. Bxe7
Qxe7 9. O-O-O Ngf6 10. Bd3 b6 11. g4 h6 12. dxe5 dxe5 13. Ne4 Bb7 14. h3 O-O-O
15. Nfd2 Ne8 16. Rhe1 Nc7 17. f4 Ne6 18. f5 Nec5 19. Bf1 Nxe4 20. Nxe4 Nc5 21.
f6 gxf6 22. Nxc5 bxc5 23. Bg2 Rxd1+ 24. Rxd1 Rd8 25. Rxd8+ Qxd8 26. Qh7 Qa5 27.
Qg8+ Kc7 28. Qxf7+ Kb6 29. Kc2 Qe1 30. Qxf6 Qe2+ 31. Kb3 Qxg2 32. Qxe5 Qxh3 33.
Qf4 Qh1 34. Ka4 Qe1 35. Kb3 Qb4+ 36. Kc2 Qa4+ 37. Kc3 Qa5+ 38. Kb3 Qd2 39. a3
Qd3+ 40. Ka2 a5 41. a4 Qc2 42. Ka3 Qd2 43. Ka2 Qb4 44. b3 Qd2+ 45. Kb1 Qc3 46.
Ka2 Qc2+ 47. Ka3 Qb1 48. Qe5 Qg1 49. Qf6 Qxe3 50. Qd8+ Ka6 51. Qf8 Qd2 52. Qf6
Qd4 53. Qf8 Qd2 54. Qxc5 Qb4+ 0-1

[Event "36th Teams Ch-GR"]
[Site "Kallithea Halkidiki"]
[Date "2008.07.08"]
[Round "4.3"]
[White "Gavrilakis, Nikolaos"]
[Black "Miroshnichenko, Evgenij"]
[Result "0-1"]
[WhiteElo "2429"]
[BlackElo "2593"]
[PlyCount "46"]
[EventDate "2008.07.06"]
[WhiteTeam "SAS KOROPIOU"]
[BlackTeam "ES THESSALONIKIS"]

1. e4 c5 2. Nf3 d6 3. d4 cxd4 4. Nxd4 Nf6 5. Nc3 Nc6 6. Bc4 Bd7 7. O-O g6 8. h3
Bg7 9. Be3 O-O 10. Re1 Rc8 11. Bb3 Na5 12. Qd3 a6 13. Rad1 b5 14. a4 bxa4 15.
Ba2 Nb7 16. Bc1 Nc5 17. Qg3 Qb6 18. Nd5 Nxd5 19. exd5 Bxd4 20. Rxd4 Nb3 21.
Bxb3 Qxd4 22. c3 Qc5 23. Ba2 Rfe8 0-1

[Event "36th Teams Ch-GR"]
[Site "Kallithea Halkidiki"]
[Date "2008.07.08"]
[Round "4.3"]
[White "Mastrovasilis, Dimitrios"]
[Black "Kapnisis, Spyridon"]
[Result "1-0"]
[WhiteElo "2563"]
[BlackElo "2405"]
[PlyCount "77"]
[EventDate "2008.07.06"]
[WhiteTeam "ES THESSALONIKIS"]
[BlackTeam "SAS KOROPIOU"]

1. e4 c5 2. Nf3 Nc6 3. Bb5 Nf6 4. Nc3 g6 5. O-O Bg7 6. Bxc6 dxc6 7. h3 O-O 8.
d3 Ne8 9. Be3 b6 10. Qd2 e5 11. Bh6 f6 12. Nh2 g5 13. Bxg7 Nxg7 14. Ne2 Ne6 15.
Rad1 a5 16. c3 Ba6 17. Qe3 Ra7 18. Rd2 Qe8 19. Rfd1 Qg6 20. Ng3 Rd7 21. Nf3 g4
22. hxg4 Qxg4 23. d4 exd4 24. cxd4 Rg7 25. dxc5 Nxc5 26. Rd8 h5 27. Rxf8+ Kxf8
28. e5 f5 29. Rd8+ Ke7 30. Rd4 Ne4 31. Nxf5+ Qxf5 32. Rxe4 Qh3 33. g3 Bf1 34.
Nh4 Ba6 35. Qf4 Qf1+ 36. Kh2 Rf7 37. Nf5+ Ke6 38. Rd4 Rd7 39. Ng7+ 1-0

[Event "36th Teams Ch-GR"]
[Site "Kallithea Halkidiki"]
[Date "2008.07.08"]
[Round "4.3"]
[White "Khetsuriani, Besarion"]
[Black "Iotov, Valentin"]
[Result "0-1"]
[WhiteElo "2350"]
[BlackElo "2519"]
[PlyCount "84"]
[EventDate "2008.07.06"]
[WhiteTeam "SAS KOROPIOU"]
[BlackTeam "ES THESSALONIKIS"]

1. Nf3 c5 2. c4 Nc6 3. d4 cxd4 4. Nxd4 Nf6 5. Nc3 e6 6. a3 Bc5 7. Nb3 Be7 8. e4
b6 9. Be2 Bb7 10. O-O d6 11. Be3 O-O 12. Rc1 Ne5 13. f3 Rc8 14. Nd2 d5 15. cxd5
exd5 16. exd5 Nxd5 17. Nxd5 Qxd5 18. Ne4 Rxc1 19. Bxc1 Qe6 20. Qa4 a6 21. Kh1
b5 22. Qd4 Rd8 23. Qf2 Ng6 24. Nc3 h6 25. Rd1 Rxd1+ 26. Bxd1 Bd6 27. Qe2 Qf6
28. Ne4 Bxe4 29. Qxe4 Bxh2 30. Kxh2 Qd6+ 31. f4 Qxd1 32. f5 Qd6+ 33. Kh3 Ne7
34. Bf4 Qd7 35. g4 h5 36. Kg3 hxg4 37. Qa8+ Nc8 38. f6 Qe6 39. fxg7 Kxg7 40.
Qb8 Kg6 41. Qc7 Ne7 42. Qc2+ f5 0-1

[Event "36th Teams Ch-GR"]
[Site "Kallithea Halkidiki"]
[Date "2008.07.08"]
[Round "4.3"]
[White "Mastrovasilis, Athanasios"]
[Black "Delithanasis, Dimitrios"]
[Result "1-0"]
[WhiteElo "2518"]
[BlackElo "2228"]
[PlyCount "85"]
[EventDate "2008.07.06"]
[WhiteTeam "ES THESSALONIKIS"]
[BlackTeam "SAS KOROPIOU"]

1. d4 d5 2. Nf3 Nf6 3. c4 c6 4. Nc3 dxc4 5. a4 Bf5 6. e3 e6 7. Bxc4 Bb4 8. O-O
O-O 9. Qe2 Bg4 10. Rd1 Nbd7 11. e4 Qe7 12. h3 Bh5 13. g4 Bg6 14. Nh4 Ne8 15.
Nxg6 fxg6 16. f4 Kh8 17. Kg2 a5 18. Be3 Nc7 19. Qc2 Nd5 20. Qd2 N7b6 21. Bb3
Nxe3+ 22. Qxe3 Bd6 23. Rf1 Bc7 24. Rf2 Rad8 25. Raf1 Nd7 26. e5 Nb6 27. f5 gxf5
28. gxf5 exf5 29. Rxf5 Rxf5 30. Rxf5 Rf8 31. Rxf8+ Qxf8 32. Ne4 h6 33. Nc5 Qf5
34. Qf3 Qg5+ 35. Qg3 Qd2+ 36. Qf2 Qg5+ 37. Kh2 Qe7 38. Qf5 g6 39. Qxg6 Bxe5+
40. dxe5 Qxe5+ 41. Kh1 Nd5 42. Qxh6+ Kg8 43. Qe6+ 1-0

[Event "36th Teams Ch-GR"]
[Site "Kallithea Halkidiki"]
[Date "2008.07.08"]
[Round "4.3"]
[White "Papargyriou, Anastasios"]
[Black "Zakarian, David"]
[Result "0-1"]
[WhiteElo "2071"]
[BlackElo "2346"]
[PlyCount "86"]
[EventDate "2008.07.06"]
[WhiteTeam "SAS KOROPIOU"]
[BlackTeam "ES THESSALONIKIS"]

1. e4 Nc6 2. d4 d5 3. e5 Bf5 4. c3 f6 5. Nf3 e6 6. Bd3 Nge7 7. Bf4 Bxd3 8. Qxd3
Ng6 9. Bg3 fxe5 10. Nxe5 Ncxe5 11. dxe5 Qd7 12. Nd2 Bc5 13. O-O-O O-O-O 14. f4
Rdf8 15. Rhf1 Bb6 16. Rde1 Rf5 17. Nf3 Rhf8 18. Ng5 h6 19. Nh3 a6 20. Kb1 h5
21. c4 h4 22. Bf2 Bxf2 23. Rxf2 Nxf4 24. Nxf4 Rxf4 25. Rxf4 Rxf4 26. cxd5 Qxd5
27. Qh7 b6 28. a3 Rf2 29. Qh8+ Kb7 30. Qxh4 Rxg2 31. h3 a5 32. Qe4 Qxe4+ 33.
Rxe4 b5 34. a4 b4 35. Rf4 b3 36. Kc1 Rc2+ 37. Kd1 Rxb2 38. Rf3 c5 39. Kc1 Rc2+
40. Kb1 c4 41. Rf7+ Kc6 42. Rxg7 Rh2 43. Rg3 Kc5 0-1

[Event "36th Teams Ch-GR"]
[Site "Kallithea Halkidiki"]
[Date "2008.07.08"]
[Round "4.3"]
[White "Pambalou, Fotini"]
[Black "Petraki, Maria"]
[Result "1-0"]
[WhiteElo "2147"]
[BlackElo "2069"]
[PlyCount "71"]
[EventDate "2008.07.06"]
[WhiteTeam "ES THESSALONIKIS"]
[BlackTeam "SAS KOROPIOU"]

1. e4 c5 2. c3 d5 3. exd5 Qxd5 4. d4 g6 5. Nf3 Bg7 6. Be3 cxd4 7. cxd4 Nf6 8.
Nc3 Qa5 9. Be2 O-O 10. O-O Bf5 11. a3 Ne4 12. Nxe4 Bxe4 13. b4 Qd5 14. Rc1 Qd6
15. Qd2 Rd8 16. Rfd1 e6 17. Bg5 Rf8 18. Bf4 Qd8 19. Qe3 Bd5 20. Bh6 Nc6 21. Ne5
Qe7 22. Rc3 Bxh6 23. Qxh6 f6 24. Nxc6 bxc6 25. Rdc1 Qg7 26. Qe3 Rfe8 27. b5
cxb5 28. Bxb5 Re7 29. Qf4 e5 30. dxe5 Rxe5 31. Rc8+ Rxc8 32. Rxc8+ Kf7 33. Rc7+
Re7 34. Rxe7+ Kxe7 35. Qc7+ Kf8 36. Qd8+ 1-0

[Event "36th Teams Ch-GR"]
[Site "Kallithea Halkidiki"]
[Date "2008.07.08"]
[Round "4.4"]
[White "Movsesian, Sergei"]
[Black "Papadopoulos, Ioannis K"]
[Result "1/2-1/2"]
[WhiteElo "2723"]
[BlackElo "2490"]
[PlyCount "49"]
[EventDate "2008.07.06"]
[WhiteTeam "EES KORYDALLOU"]
[BlackTeam "OS TRIANDRIAS"]

1. e4 c5 2. Nf3 Nc6 3. d4 cxd4 4. Nxd4 Nf6 5. Nc3 e5 6. Ndb5 d6 7. Bg5 a6 8.
Na3 b5 9. Nd5 Be7 10. Bxf6 Bxf6 11. c4 b4 12. Nc2 a5 13. Qf3 Be6 14. Rd1 a4 15.
Be2 b3 16. axb3 Rb8 17. Nxf6+ gxf6 18. b4 Nxb4 19. Na3 Nc6 20. Nb5 Qa5+ 21. Rd2
Ke7 22. Qe3 Nd4 23. Nxd4 exd4 24. Qxd4 Qc5 25. Qxc5 1/2-1/2

[Event "36th Teams Ch-GR"]
[Site "Kallithea Halkidiki"]
[Date "2008.07.08"]
[Round "4.4"]
[White "Henrichs, Thomas"]
[Black "Tsiamis, Konstantinos"]
[Result "1/2-1/2"]
[WhiteElo "2491"]
[BlackElo "2303"]
[PlyCount "57"]
[EventDate "2008.07.06"]
[WhiteTeam "OS TRIANDRIAS"]
[BlackTeam "EES KORYDALLOU"]

1. d4 d5 2. c4 c6 3. Nf3 Nf6 4. Nc3 e6 5. Bg5 dxc4 6. e4 b5 7. e5 h6 8. Bh4 g5
9. Nxg5 hxg5 10. Bxg5 Nbd7 11. exf6 Bb7 12. g3 Qb6 13. Bg2 c5 14. d5 O-O-O 15.
O-O b4 16. Rb1 Qa6 17. dxe6 Bxg2 18. e7 Bxf1 19. Qd5 Bxe7 20. fxe7 Bd3 21. Ne4
Bxb1 22. Nd6+ Kc7 23. Bf4 Kb6 24. Nxc4+ Kb5 25. exd8=Q Rxd8 26. Nd6+ Kb6 27.
Nc4+ Kb5 28. Nd6+ Kb6 29. Nc4+ 1/2-1/2

[Event "36th Teams Ch-GR"]
[Site "Kallithea Halkidiki"]
[Date "2008.07.08"]
[Round "4.4"]
[White "Katsiris, Ioannis"]
[Black "Ilandzis, Spyridon"]
[Result "0-1"]
[WhiteElo "2136"]
[BlackElo "2196"]
[PlyCount "74"]
[EventDate "2008.07.06"]
[WhiteTeam "EES KORYDALLOU"]
[BlackTeam "OS TRIANDRIAS"]

1. e4 c5 2. c3 d5 3. exd5 Qxd5 4. d4 Nf6 5. Nf3 e6 6. Be3 Ng4 7. Be2 Be7 8. O-O
O-O 9. c4 Nxe3 10. fxe3 Qd6 11. Nc3 f5 12. d5 a6 13. e4 Bf6 14. dxe6 Qxe6 15.
exf5 Qe3+ 16. Kh1 Bxc3 17. bxc3 Nc6 18. Qd5+ Kh8 19. Rae1 Bxf5 20. Bd1 Qxc3 21.
Ng5 Bg6 22. Qxc5 Rf5 23. Qd6 Rd8 24. Ne4 Qxc4 25. Rxf5 Bxf5 26. Qxd8+ Nxd8 27.
Nd6 Qe6 28. Rxe6 Bxe6 29. a3 Bd5 30. Bg4 g6 31. h4 Kg7 32. Kg1 Kf6 33. Be2 Ke5
34. Ne8 Ne6 35. Bg4 Bc6 36. Bxe6 Kxe6 37. Nc7+ Ke5 0-1

[Event "36th Teams Ch-GR"]
[Site "Kallithea Halkidiki"]
[Date "2008.07.08"]
[Round "4.4"]
[White "Tsivelekidis, Georgios"]
[Black "Sperdokli, Elli"]
[Result "1/2-1/2"]
[WhiteElo "2132"]
[BlackElo "2129"]
[PlyCount "83"]
[EventDate "2008.07.06"]
[WhiteTeam "OS TRIANDRIAS"]
[BlackTeam "EES KORYDALLOU"]

1. c4 e5 2. Nc3 d6 3. g3 f5 4. d3 Nf6 5. Bg2 g6 6. e3 Bg7 7. Nge2 c6 8. Rb1 O-O
9. O-O Be6 10. Qc2 Qc8 11. Bd2 Nbd7 12. b4 g5 13. f4 h6 14. Rfc1 Re8 15. b5 c5
16. a4 Bf7 17. h3 Nf8 18. Re1 Rb8 19. Rbc1 Ng6 20. Kh2 Qd8 21. e4 gxf4 22. gxf4
Nh5 23. exf5 Ngxf4 24. Nxf4 exf4 25. Rxe8+ Qxe8 26. Ne4 Be5 27. Bf3 Kh8 28. Bc3
Qe7 29. Qb2 Re8 30. Re1 Kh7 31. Bxe5 dxe5 32. Qf2 b6 33. Nc3 Nf6 34. Be4 Rg8
35. Rg1 Rxg1 36. Qxg1 Qe8 37. Qf2 Qg8 38. Qh4 Qg5 39. Qf2 Qg8 40. a5 Qg5 41.
axb6 axb6 42. Qg2 1/2-1/2

[Event "36th Teams Ch-GR"]
[Site "Kallithea Halkidiki"]
[Date "2008.07.08"]
[Round "4.4"]
[White "Hristodoulou, Panagiotis"]
[Black "Psomiadis, Stavros"]
[Result "1/2-1/2"]
[WhiteElo "2102"]
[BlackElo "2202"]
[PlyCount "100"]
[EventDate "2008.07.06"]
[WhiteTeam "EES KORYDALLOU"]
[BlackTeam "OS TRIANDRIAS"]

1. e4 e5 2. d4 exd4 3. Qxd4 Nc6 4. Qe3 Nf6 5. Nc3 Bb4 6. Bd2 O-O 7. O-O-O Re8
8. Qg3 d6 9. f3 Ne5 10. Nge2 Nh5 11. Qg5 Qxg5 12. Bxg5 h6 13. Be3 c6 14. a3 Bc5
15. Bxc5 dxc5 16. b3 b6 17. h3 Ba6 18. g4 Bxe2 19. Nxe2 Nf6 20. Bg2 Rad8 21. f4
Ng6 22. Rxd8 Rxd8 23. Rd1 Rxd1+ 24. Kxd1 Kf8 25. c4 Ne7 26. Kd2 g5 27. Ke3 Ng6
28. Bh1 Ke7 29. Bf3 Nd7 30. a4 f6 31. Bh1 Nb8 32. Bg2 Na6 33. fxg5 hxg5 34. Ng3
Nb4 35. Bf1 Nf4 36. h4 Nc2+ 37. Kd2 Nd4 38. h5 Nxb3+ 39. Kc3 Nd4 40. Nf5+ Ke6
41. Nxd4+ cxd4+ 42. Kxd4 c5+ 43. Ke3 Ke5 44. Bd3 Ne6 45. Bc2 Nd8 46. Bd3 Nf7
47. Be2 Ke6 48. Kd2 Ne5 49. Kc3 Nc6 50. Kd2 Ke5 1/2-1/2

[Event "36th Teams Ch-GR"]
[Site "Kallithea Halkidiki"]
[Date "2008.07.08"]
[Round "4.5"]
[White "Ris, Robert"]
[Black "Tsarouhas, Konstantinos"]
[Result "1-0"]
[WhiteElo "2415"]
[BlackElo "2240"]
[PlyCount "95"]
[EventDate "2008.07.06"]
[WhiteTeam "OAA HERAKLIO"]
[BlackTeam "SA CHANION"]

1. e4 c5 2. Nc3 e6 3. Nf3 d6 4. d4 cxd4 5. Nxd4 Nf6 6. Be3 a6 7. g4 b5 8. Bg2
Bb7 9. a3 Nfd7 10. f4 Nb6 11. b3 N8d7 12. O-O Rc8 13. Nce2 Be7 14. Ng3 O-O 15.
g5 d5 16. e5 g6 17. h4 Nc5 18. Qg4 Re8 19. h5 Bf8 20. Rad1 Qc7 21. Rf3 Ne4 22.
hxg6 hxg6 23. Qh4 Bg7 24. Nf1 Nd7 25. Nh2 Red8 26. Rh3 Qa5 27. Qh7+ Kf8 28.
Nxe6+ fxe6 29. Qxg6 Qxa3 30. Ng4 Qe7 31. f5 Qf7 32. Qxf7+ Kxf7 33. g6+ Kg8 34.
Bxe4 dxe4 35. f6 Nxe5 36. f7+ Nxf7 37. gxf7+ Kxf7 38. Rf1+ Kg8 39. Rg3 Kh7 40.
Rh3+ Kg8 41. Rg3 Kh8 42. Rf7 Rd1+ 43. Kg2 Bd5 44. Nf2 Re1 45. Rgxg7 Rxe3 46.
Rh7+ Kg8 47. c4 bxc4 48. Ng4 1-0

[Event "36th Teams Ch-GR"]
[Site "Kallithea Halkidiki"]
[Date "2008.07.08"]
[Round "4.5"]
[White "Kalaitzoglou, Panayotis"]
[Black "Mastrokoukos, Georgios"]
[Result "1-0"]
[WhiteElo "2198"]
[BlackElo "2325"]
[PlyCount "87"]
[EventDate "2008.07.06"]
[WhiteTeam "SA CHANION"]
[BlackTeam "OAA HERAKLIO"]

1. e4 c5 2. c3 g6 3. d4 cxd4 4. cxd4 d5 5. exd5 Nf6 6. Bb5+ Nbd7 7. Nc3 Bg7 8.
Bf4 O-O 9. d6 e6 10. Nf3 Nb6 11. O-O Nh5 12. Qd2 Nxf4 13. Qxf4 Bd7 14. Bxd7
Qxd7 15. Ne4 Nd5 16. Qg3 Nf6 17. Nxf6+ Bxf6 18. Rac1 Rfd8 19. Rc7 Qxd6 20. Rfc1
Rab8 21. Qxd6 Rxd6 22. Ne5 Bxe5 23. dxe5 Rd5 24. f4 Rd2 25. R1c2 Rxc2 26. Rxc2
Rd8 27. Kf2 Kf8 28. Ke3 Rd7 29. g4 h6 30. Rc8+ Kg7 31. a4 a6 32. b4 Kh7 33. h4
Kg7 34. Rb8 Kh7 35. b5 axb5 36. axb5 Kg7 37. b6 f6 38. Rc8 fxe5 39. Rc7 Rf7 40.
fxe5 Kf8 41. Rc8+ Ke7 42. Rb8 Rf1 43. Rxb7+ Kd8 44. Rg7 1-0

[Event "36th Teams Ch-GR"]
[Site "Kallithea Halkidiki"]
[Date "2008.07.08"]
[Round "4.5"]
[White "Parginos, Vassilios"]
[Black "Fragakis, Efstratios"]
[Result "1-0"]
[WhiteElo "2187"]
[BlackElo "2105"]
[PlyCount "65"]
[EventDate "2008.07.06"]
[WhiteTeam "OAA HERAKLIO"]
[BlackTeam "SA CHANION"]

1. d4 d5 2. c4 c6 3. Nf3 Nf6 4. Nc3 e6 5. Bg5 dxc4 6. e4 b5 7. e5 h6 8. Bh4 g5
9. exf6 gxh4 10. Ne5 Qxf6 11. a4 Bb4 12. Be2 a5 13. Bf3 Ra6 14. O-O Rb6 15. Ne4
Qg7 16. Bh5 Rf8 17. f4 Nd7 18. g4 hxg3 19. Rf3 gxh2+ 20. Kxh2 Kd8 21. Qe2 f5
22. Rg3 Qh7 23. Nc5 Nxc5 24. dxc5 Bxc5 25. Qg2 Qe7 26. Rd1+ Bd6 27. Ng6 Qf6 28.
Nxf8 Kc7 29. Rg7+ Kb8 30. Rxd6 Qxf8 31. Qg1 Ra6 32. Rxc6 Qxg7 33. Rxc8+ 1-0

[Event "36th Teams Ch-GR"]
[Site "Kallithea Halkidiki"]
[Date "2008.07.08"]
[Round "4.5"]
[White "Katzourakis, Pavlos"]
[Black "Kounalakis, Evryklis"]
[Result "1-0"]
[WhiteElo "2092"]
[BlackElo "2120"]
[PlyCount "57"]
[EventDate "2008.07.06"]
[WhiteTeam "SA CHANION"]
[BlackTeam "OAA HERAKLIO"]

1. e4 c6 2. d4 d5 3. f3 dxe4 4. fxe4 e5 5. Nf3 Bg4 6. Bc4 Nd7 7. O-O Ngf6 8. c3
b5 9. Bb3 Bd6 10. Bg5 Qc7 11. Nbd2 O-O 12. Qe1 Rae8 13. Qh4 Bh5 14. Rae1 Bg6
15. Kh1 Be7 16. Qh3 Bd8 17. Nh4 Nh5 18. Nxg6 hxg6 19. Be3 Nhf6 20. Bg5 Nh5 21.
Bxd8 Qxd8 22. Nf3 Nf4 23. Qg3 Nh5 24. Qxg6 Nf4 25. Qg3 Nf6 26. Nxe5 N6h5 27.
Qg4 g5 28. g3 Rxe5 29. dxe5 1-0

[Event "36th Teams Ch-GR"]
[Site "Kallithea Halkidiki"]
[Date "2008.07.08"]
[Round "4.6"]
[White "Macieja, Bartlomiej"]
[Black "Gelashvili, Tamaz"]
[Result "1-0"]
[WhiteElo "2606"]
[BlackElo "2612"]
[PlyCount "125"]
[EventDate "2008.07.06"]
[WhiteTeam "PS PERISTERIOU"]
[BlackTeam "ES KALAMARIAS"]

1. Nf3 Nf6 2. c4 e6 3. g3 d5 4. Bg2 c6 5. b3 Be7 6. O-O Nbd7 7. Bb2 O-O 8. d3
b5 9. Nbd2 a5 10. a3 Bb7 11. Qc2 a4 12. b4 bxc4 13. dxc4 c5 14. cxd5 Bxd5 15.
b5 Ra5 16. e4 Bb7 17. Rab1 Qc7 18. Rfe1 Rd8 19. Nc4 Raa8 20. Nfe5 Ne8 21. Nxd7
Rxd7 22. Red1 Rxd1+ 23. Rxd1 f6 24. Bh3 Bc8 25. e5 f5 26. b6 Qb8 27. Bg2 Ra6
28. f4 Kf8 29. Bc3 Bb7 30. Bxb7 Qxb7 31. Rb1 Ra8 32. Qg2 Qa6 33. Qf1 Rb8 34.
Ba5 Rd8 35. Bc3 Rb8 36. Kf2 g5 37. fxg5 Bxg5 38. Be1 Nc7 39. bxc7 Rxb1 40. Nd2
Qc6 41. Nxb1 Qxc7 42. Bc3 Qb7 43. Nd2 Bxd2 44. Bxd2 Qd5 45. Qe2 Qh1 46. Qh5 Qd5
47. Qg5 Qxe5 48. Qd8+ Kf7 49. Qd7+ Kg6 50. Qe8+ Kg7 51. Qxa4 Qd5 52. Bc3+ Kf8
53. Qb5 Ke7 54. a4 Qa2+ 55. Kg1 Qd5 56. a5 Qd1+ 57. Qf1 Qc2 58. Qa1 Qd3 59. Be1
c4 60. a6 c3 61. a7 c2 62. Qg7+ Kd6 63. Bb4+ 1-0

[Event "36th Teams Ch-GR"]
[Site "Kallithea Halkidiki"]
[Date "2008.07.08"]
[Round "4.6"]
[White "Dalaklis, Georgios"]
[Black "Filippas, Sebastian"]
[Result "0-1"]
[WhiteElo "2186"]
[BlackElo "2240"]
[PlyCount "50"]
[EventDate "2008.07.06"]
[WhiteTeam "ES KALAMARIAS"]
[BlackTeam "PS PERISTERIOU"]

1. c4 c5 2. g3 Nc6 3. Bg2 g6 4. Nc3 Bg7 5. a3 e6 6. b4 d6 7. Rb1 Nge7 8. e3 O-O
9. Nge2 Rb8 10. O-O b6 11. d4 Bb7 12. bxc5 dxc5 13. dxc5 Na5 14. Qa4 Bxg2 15.
Kxg2 Qc7 16. Rb5 Rfc8 17. e4 Ra8 18. Bf4 Qc6 19. Bd6 Nf5 20. Rxa5 Nxd6 21. Rxa7
Rxa7 22. Qxa7 Nxe4 23. Qxb6 Nxc3+ 24. Qxc6 Rxc6 25. Nxc3 Bxc3 0-1

[Event "36th Teams Ch-GR"]
[Site "Kallithea Halkidiki"]
[Date "2008.07.08"]
[Round "4.6"]
[White "Nikomanis, Andreas"]
[Black "Kiratzopoulos, Efthimios"]
[Result "0-1"]
[WhiteElo "1984"]
[BlackElo "2125"]
[PlyCount "32"]
[EventDate "2008.07.06"]
[WhiteTeam "PS PERISTERIOU"]
[BlackTeam "ES KALAMARIAS"]

1. e4 c5 2. Nf3 e6 3. d4 cxd4 4. Nxd4 Nf6 5. Nc3 Nc6 6. Nxc6 bxc6 7. e5 Nd5 8.
Ne4 Qa5+ 9. Bd2 Qb6 10. c4 Qxb2 11. Bd3 Qd4 12. Qb1 Ba6 13. O-O Be7 14. Rd1
Bxc4 15. Bc2 Qxe5 16. Qb7 Qb8 0-1

[Event "36th Teams Ch-GR"]
[Site "Kallithea Halkidiki"]
[Date "2008.07.08"]
[Round "4.7"]
[White "Managadze, Nikoloz"]
[Black "Willemze, Thomas"]
[Result "1/2-1/2"]
[WhiteElo "2444"]
[BlackElo "2398"]
[PlyCount "80"]
[EventDate "2008.07.06"]
[WhiteTeam "FO N. HERAKLIOU ATTIKIS"]
[BlackTeam "SO KALLITHEAS"]

1. Nf3 c5 2. e4 g6 3. g3 Bg7 4. Bg2 Nc6 5. O-O e5 6. d3 Nge7 7. Be3 d6 8. Qd2
O-O 9. c3 b6 10. Bh6 d5 11. exd5 Qxd5 12. Bxg7 Kxg7 13. Re1 Bh3 14. c4 Qd7 15.
Nxe5 Nxe5 16. Rxe5 Bxg2 17. Kxg2 Nf5 18. Nc3 Rfe8 19. Re4 Rxe4 20. Nxe4 Re8 21.
Re1 Qe6 22. Qf4 h6 23. h4 Nd4 24. Rf1 Qc6 25. f3 Re6 26. Rf2 Qd7 27. Nc3 Rf6
28. Qe5 Nc6 29. Qe2 Nb4 30. Qd1 Qxd3 31. Qxd3 Nxd3 32. Re2 Rd6 33. Nd5 Nc1 34.
Re7 Nxa2 35. Rxa7 Nb4 36. Rb7 Nxd5 37. cxd5 Rxd5 38. Rxb6 Rd2+ 39. Kh3 h5 40.
Rc6 Rxb2 1/2-1/2

[Event "36th Teams Ch-GR"]
[Site "Kallithea Halkidiki"]
[Date "2008.07.08"]
[Round "4.7"]
[White "Papadopoulos, Nikolaos"]
[Black "Hrisanthopoulos, Dimitrios"]
[Result "1-0"]
[WhiteElo "2109"]
[BlackElo "2175"]
[PlyCount "61"]
[EventDate "2008.07.06"]
[WhiteTeam "FO N. HERAKLIOU ATTIKIS"]
[BlackTeam "SO KALLITHEAS"]

1. Nf3 Nf6 2. c4 e6 3. d4 Bb4+ 4. Bd2 a5 5. g3 O-O 6. Bg2 d5 7. O-O Be7 8. Bf4
dxc4 9. Ne5 Nc6 10. Nxc6 bxc6 11. e4 c5 12. d5 exd5 13. exd5 Bd6 14. Qd2 Rb8
15. Nc3 Bf5 16. Rfe1 Qd7 17. Bg5 Ng4 18. Ne4 h6 19. Bf4 Rfe8 20. h3 Bxf4 21.
Qxf4 Bxe4 22. Rxe4 Rxe4 23. Qxe4 Nf6 24. Qxc4 Rxb2 25. Qxc5 Qf5 26. Rf1 Rxa2
27. Qxc7 a4 28. Qc4 Rd2 29. Qxa4 Nxd5 30. Qe8+ Kh7 31. Be4 1-0

[Event "36th Teams Ch-GR"]
[Site "Kallithea Halkidiki"]
[Date "2008.07.08"]
[Round "4.7"]
[White "Nearhou, Anastasios"]
[Black "Papadimitriou, Athanasios"]
[Result "1-0"]
[WhiteElo "1946"]
[BlackElo "2064"]
[PlyCount "120"]
[EventDate "2008.07.06"]
[WhiteTeam "SO KALLITHEAS"]
[BlackTeam "FO N. HERAKLIOU ATTIKIS"]

1. d4 d5 2. c4 c6 3. Nf3 g6 4. e3 Bg7 5. Nc3 Nf6 6. Bd3 O-O 7. O-O dxc4 8. Bxc4
Nbd7 9. b4 Nb6 10. Ne5 Nxc4 11. Nxc4 b6 12. Ne5 c5 13. bxc5 bxc5 14. Ne2 Ne4
15. f3 cxd4 16. Nc6 Qc7 17. Ncxd4 Nc3 18. Nxc3 Qxc3 19. Bd2 Qd3 20. Bc1 Qc3 21.
Bd2 Qc4 22. Qb3 Ba6 23. Rfc1 Qxb3 24. axb3 Bc8 25. Rc7 Rd8 26. Bc3 a6 27. Rxe7
Bd7 28. Ba5 Bf6 29. Bxd8 Rxd8 30. Re4 Bf5 31. Rxa6 Bxe4 32. Rxf6 Bd5 33. Rb6 h5
34. h4 Ra8 35. Rd6 Ra5 36. b4 Ra1+ 37. Kf2 Bc4 38. Rc6 Bd3 39. Rc3 Ra2+ 40. Kg3
Rd2 41. Rc1 Rb2 42. Nc6 Kg7 43. Ne5 Bb5 44. Rc7 Bf1 45. Rxf7+ Kg8 46. Rb7 g5
47. hxg5 Rxg2+ 48. Kf4 h4 49. Kf5 Rd2 50. Rb8+ Kg7 51. Rb7+ Kg8 52. Rb6 h3 53.
Kg6 Rd8 54. Ng4 Bc4 55. f4 Kh8 56. Rc6 Rg8+ 57. Kh6 Bd5 58. Rc7 Be4 59. Ne5 Re8
60. Ng4 Bf5 1-0

[Event "36th Teams Ch-GR"]
[Site "Kallithea Halkidiki"]
[Date "2008.07.08"]
[Round "4.7"]
[White "Pappelis, Dimitrios"]
[Black "Pappas, Stergios"]
[Result "1/2-1/2"]
[WhiteElo "1889"]
[BlackElo "1914"]
[PlyCount "97"]
[EventDate "2008.07.06"]
[WhiteTeam "FO N. HERAKLIOU ATTIKIS"]
[BlackTeam "SO KALLITHEAS"]

1. e4 d6 2. d4 g6 3. Nc3 Bg7 4. f4 Nf6 5. Nf3 c5 6. Bb5+ Bd7 7. Bxd7+ Nfxd7 8.
d5 O-O 9. Qe2 e5 10. f5 a6 11. a4 Nf6 12. O-O Nbd7 13. Nd2 Rb8 14. Nc4 Nb6 15.
Nxb6 Qxb6 16. a5 Qc7 17. g4 h6 18. h4 Rfe8 19. fxg6 fxg6 20. Bxh6 Qd7 21. Bxg7
Kxg7 22. g5 Nh5 23. Qg2 Nf4 24. Qg3 Rh8 25. Rae1 Qh3 26. Qxh3 Nxh3+ 27. Kg2
Rxh4 28. Rh1 Nf4+ 29. Kg3 Rbh8 30. Rxh4 Rxh4 31. Kxh4 Ng2+ 32. Kg3 Nxe1 33. Na4
Nxc2 34. Nb6 Nd4 35. Nc4 Nb5 36. Kf3 Kf7 37. Ke3 Ke7 38. Kd3 Nd4 39. Ke3 Kd7
40. Kf2 Kc7 41. Ke3 Nb5 42. Kd3 Na7 43. Ne3 Nc8 44. Ng2 b6 45. axb6+ Kxb6 46.
Nh4 Ne7 47. Kc4 Kb7 48. Nf3 Kb6 49. Nh4 1/2-1/2